Statistiques concernant Projets rap sortis en 2023 (Francophone)

Cliquez ici pour prendre le quiz!

Statistiques générales

  • Ce quiz a été pris 89 fois
  • Le résultat moyen est 7 sur 87

Statistiques - réponses

RappeursProjets% Correct
HamzaSincèrement
60%
ZolaDIAMANT DU BLED
43%
NinhoNI
40%
Luv ResvalMustafar
35%
WerenoiCarré
33%
PLK2069'
32%
AteyabaLa vie en violet
28%
winnterzukoWINNTERMANIA
28%
Wallace Cleaverbaiser
27%
KekraStratos
23%
HoudiLA FOLIE DES GRANDEURS
20%
LuidjiSaison 00
20%
H JeunecrackMATIERE PREMIERE
18%
Houdi #2SUN7
18%
Heuss L'enfoiréChef d'orchestre
17%
SadekOuvert tout l'été
17%
NeSCA VA ALLER
15%
Mairoomar chappier
13%
BekarPlus fort que l'orage
13%
NapsEn temps réel
10%
MaloiD
10%
Selug, $enarLe jour se lève
10%
GeorgioAnnées sauvages
8%
Houdi, Stony StoneAVANT LES YEUX
8%
Deen BurbigoOG SAN II
8%
NiroTaulier
8%
404billyBLKKKK VAN GOGH 2
7%
GenGENNIFER
7%
SheldonÎlot
7%
Benjamin EppsLa grande désillusion
7%
Esso LuxueuxLiaisons dangereuses
7%
Slimka, MairoQUI A VOLE LE SOLEIL ?
7%
Ashe22Vingt-deux
7%
8rukiINT8TION
5%
Lithium, Waxx, C.ColeLITHIUM
5%
ZeuWATERGATE
5%
KerouéCANDELA
3%
NahirIntégral 2 #POV
3%
Ben PLGJ'rêve mieux qu'avant
3%
404billy #2Mr.AAA
3%
PrinzlyPASSAGER (((8)))
3%
Fresh la douilleVoltaire
3%
Pas d'accord !Youv Dee
3%
Jul #2C'est quand qu'il s'arrête ?
2%
SlkrackCrackito volume 1
2%
BramsitoEnchanté
2%
HoussbadGATE 67
2%
Caballero & JeanjassHigh et Fines herbes volume 2
2%
DTFKarma
2%
RowjayLA VIE RAPIDE EARLY ACCESS
2%
CoelhoLE SOLEIL NE S'ETEINT JAMAIS
2%
AlkpoteLSDC
2%
34murphypremière traque
2%
Ratu$Ratusserie
2%
JMK$South Baby
2%
La F691
0%
JulAlbum gratuit volume 2
0%
ABSOLEMBalle d'argent
0%
Dj WeedimBoulangerie française volume 5
0%
robdbloc #2Caméo
0%
DauDennis
0%
Black Jack OBSDon Black
0%
Bambino47Drillmatic 2
0%
Jey Brownie, FlemFaits divers
0%
34murphy #2fata morgana
0%
Jeune MortyGhetto Youth
0%
TripleGoGIBRALTAR
0%
InflowHélios
0%
LostHERITAGE
0%
Caballero & Jeanjass #2High et Fines herbes - Edition 420
0%
Jeune Morty #2ILUVMORTY
0%
YUNG POOR ALOJEUNE PAUVRE 3
0%
RafalJukaï : Tome 1
0%
Charles BDLKaïros
0%
Slim CKKG II
0%
RoshiLarosh 1er
0%
MomsiiLGT
0%
Ol KainryNoble art
0%
LybroOozaru
0%
TripleGo #2Quand tu partiras
0%
robdblocRien ne change pas
0%
StoTime Out volume 2
0%
YonidasTréfonds
0%
AketoUne petite vie sans histoire
0%
A2hUne rose et une lame II
0%
CenzaZ.0
0%
2zerZerzervol2
0%

Distribution des résultats

Percentile par nombre de réponses

% des personnes avec chaque résultat

Votre développement - résultats

Vous n’avez pas pris ce quiz